Statistics for Cleveland Browns First Round Picks Since 1999

Click here to take the quiz!

General Stats

  • This quiz has been taken 29 times
    (20 since last reset)
  • The average score is 10 of 28

Answer Stats

YearAnswerCollege% Correct
2018Baker MayfieldOklahoma
89%
2017Myles GarrettTexas A&M
89%
1999Tim CouchKentucky
67%
2018Denzel WardOhio State
61%
2014Johnny ManzielTexas A&M
61%
2007Brady QuinnNotre Dame
56%
2021Greg NewsomeNorthwestern
44%
2017Jabrill PeppersMichigan
44%
2007Joe ThomasWisconsin
44%
2012Brandon WeedenOklahoma State
39%
2000Courtney BrownPenn State
39%
2016Corey ColemanBaylor
33%
2017David NjokuMiami
33%
2020Jedrick WillsAlabama
33%
2012Trent RichardsonAlabama
33%
2005Braylon EdwardsMichigan
28%
2010Joe HadenFlordia
22%
2014Justin GilbertOklahoma State
22%
2013Barkevious MingoLSU
17%
2015Cameron ErvingFlorida State
17%
2015Danny SheltonWashington
17%
2011Phil TaylorBaylor
17%
2009Alex MackCalifornia
11%
2001Gerard WarrenFlorida
11%
2004Kellen Winslow JrMiami
11%
2002William GreenBoston College
11%
2006Kamerion WimbleyFlorida State
6%
2003Jeff FaineNotre Dame
0%

Score Distribution

Percentile by Number Answered

Percent of People with Each Score

Your Score History

You have not taken this quiz since the last reset